埼玉県の市町村(1960年) - Statistics

General Stats
  • This quiz has been taken 72 times
  • The average score is 69 of 95
Answer Stats
No. 市町村 備考 % Correct
2 熊谷市
94%
4 浦和市 2001年消滅
94%
5 大宮市 2001年消滅
94%
7 秩父市
94%
8 所沢市
94%
18 深谷市
94%
19 上尾市
94%
21 草加市
94%
3 川口市
92%
11 本庄市
92%
16 羽生市
92%
20 与野市 2001年消滅
92%
22 越谷市
92%
1 川越市
90%
6 行田市
90%
9 飯能市
90%
13 岩槻市 2005年消滅
90%
17 鴻巣市
90%
10 加須市
88%
14 春日部市
88%
15 狭山市
85%
23 蕨市
85%
59 秩父郡 小鹿野町
85%
76 大里郡 寄居町
85%
86 南埼玉郡 白岡町 2012年昇格
85%
12 東松山市
83%
27 北足立郡 桶川町 1970年昇格
83%
28 北足立郡 北本町 1971年昇格
83%
49 比企郡 小川町
83%
63 秩父郡 東秩父村
83%
85 南埼玉郡 蓮田町 1972年昇格
83%
90 北葛飾郡 幸手町 1986年昇格
83%
43 入間郡 越生町
81%
84 南埼玉郡 久喜町 1971年昇格
81%
91 北葛飾郡 杉戸町
81%
93 北葛飾郡 吉川町 1996年昇格
81%
34 北足立郡 鳩ヶ谷町 1967年昇格
79%
45 入間郡 日高町 1991年昇格
79%
56 秩父郡 皆野町
79%
65 児玉郡 児玉町 2006年消滅
79%
82 南埼玉郡 八潮村 1964年昇格
79%
88 北葛飾郡 栗橋町 2010年消滅
79%
24 北足立郡 戸田町 1966年昇格
77%
31 北足立郡 新座町 1970年昇格
77%
32 北足立郡 朝霞町 1967年昇格
77%
42 入間郡 毛呂山町
77%
50 比企郡 都幾川村 2006年消滅
77%
83 南埼玉郡 宮代町
77%
26 北足立郡 伊奈村 1970年昇格
75%
37 入間郡 富士見村 1964年昇格
75%
41 入間郡 坂戸町 1976年昇格
75%
68 児玉郡 上里村 1971年昇格
75%
92 北葛飾郡 松伏村 1969年昇格
75%
94 北葛飾郡 三郷村 1964年昇格
75%
53 比企郡 吉見村 1972年昇格
73%
89 北葛飾郡 鷲宮町 2010年消滅
73%
55 秩父郡 横瀬村 1984年昇格
71%
61 秩父郡 大滝村 2005年消滅
71%
38 入間郡 三芳村 1970年昇格
69%
44 入間郡 鶴ヶ島村 1966年昇格
69%
52 比企郡 川島村 1972年昇格
69%
66 児玉郡 神川村 1987年昇格
69%
80 北埼玉郡 北川辺村 1971年昇格
69%
29 北足立郡 吹上町 2005年消滅
67%
81 北埼玉郡 大利根村 1971年昇格
67%
87 南埼玉郡 菖蒲町 2010年消滅
67%
36 入間郡 大井村 1966年昇格
65%
47 比企郡 滑川村 1984年昇格
65%
77 北埼玉郡 騎西町 2010年消滅
65%
35 入間郡 福岡村 1960年昇格
63%
54 比企郡 鳩山村 1982年昇格
63%
69 大里郡 大里村 2002年昇格
63%
95 北葛飾郡 庄和村 1964年昇格
63%
46 入間郡 名栗村 2005年消滅
60%
58 秩父郡 吉田町 2005年消滅
60%
62 秩父郡 荒川村 2005年消滅
60%
67 児玉郡 神泉村 2006年消滅
58%
73 大里郡 岡部村 1968年昇格
58%
75 大里郡 花園村 1983年昇格
58%
51 比企郡 玉川村 2006年消滅
56%
71 大里郡 妻沼町 2005年消滅
56%
33 北足立郡 大和町 1970年昇格
54%
60 秩父郡 両神村 2005年消滅
54%
64 児玉郡 美里村 1984年昇格
54%
78 北埼玉郡 南河原村 2006年消滅
54%
57 秩父郡 野上町 1972年改称
50%
79 北埼玉郡 川里村 2001年昇格
50%
70 大里郡 江南村 1985年昇格
46%
74 大里郡 川本村 1977年昇格
46%
40 入間郡 武蔵町 1966年昇格
44%
25 北足立郡 美園村 1962年消滅
42%
30 北足立郡 足立町 1970年昇格
42%
39 入間郡 西武町 1967年消滅
40%
72 大里郡 豊里村 1973年消滅
38%
48 比企郡 菅谷村 1967年昇格
35%
No matching quizzes found
Score Distribution
Percent of People with Each Score
Percentile by Number Answered
Your Score History
You have not taken this quiz